<?xml version="1.0" encoding="UTF-8"?>
<record
    xmlns:xsi="http://www.w3.org/2001/XMLSchema-instance"
    xsi:schemaLocation="http://www.loc.gov/MARC21/slim http://www.loc.gov/standards/marcxml/schema/MARC21slim.xsd"
    xmlns="http://www.loc.gov/MARC21/slim">

  <leader>01645    a2200205   4500</leader>
  <controlfield tag="001">54916</controlfield>
  <controlfield tag="005">20260407155824.0</controlfield>
  <controlfield tag="008">260407a1966    arg                 spa d</controlfield>
  <controlfield tag="003">AR-UNSa-BCEJYS</controlfield>
  <datafield tag="040" ind1=" " ind2=" ">
    <subfield code="a">AR-UNSa-BCEJYS</subfield>
    <subfield code="b">spa</subfield>
    <subfield code="c">AR-UNSa-BCEJYS</subfield>
  </datafield>
  <datafield tag="080" ind1=" " ind2=" ">
    <subfield code="a">316.42</subfield>
    <subfield code="x">Cambio social en sociedades globales. Desarrollo social. Sociolog&#xED;a del desarrollo (Desarrollo Humano)</subfield>
  </datafield>
  <datafield tag="245" ind1="1" ind2="0">
    <subfield code="a">El estudio de la humanidad</subfield>
  </datafield>
  <datafield tag="264" ind1=" " ind2="1">
    <subfield code="a">M&#xE9;xico :</subfield>
    <subfield code="b">Uni&#xF3;n Tipogr&#xE1;fica Editorial Hispano-Americana (UTEHA)</subfield>
    <subfield code="c">1966</subfield>
  </datafield>
  <datafield tag="300" ind1=" " ind2=" ">
    <subfield code="a">417 p.</subfield>
    <subfield code="c">17 cm.</subfield>
  </datafield>
  <datafield tag="505" ind1=" " ind2=" ">
    <subfield code="a">I. &#xBF;Es la ciencia social una ciencia? - II. Escalas cient&#xED;ficas - III. Variedades de la ciencia social - IV. Dolores de crecimiento - V. Diecinueve problemas - VI. En busca de aviadores - VII. El concepto de cultura - VIII. El mundo de George Adams - IX. Valores comunes de la humanidad - X. El abismo cultural - XI. Revuelta en el desierto - XII. Los cient&#xED;ficos estudian la raza - XIII. Leyes del cambio social - XIV. En lo m&#xE1;s rec&#xF3;ndito de Middletown - XV. Forma de tratar a los hombres - XVI. Causa y remedio de las huelgas - XVII. La ciencia de las encuestas - XVIII. Etapas del sondeo de la opini&#xF3;n - XIX. &#xBF;Es la econom&#xED;a una ciencia? - XX. Algunos instrumentos econ&#xF3;micos - XXI. Dimensiones nuevas - XXII. Reformando a los reformadores - XXIII. El comportamiento de los grupos - XXIV. Notas sobre el comportamiento pol&#xED;tico - XXV. C&#xF3;mo aprendemos - XXVI. Las ciencias de la comunicaci&#xF3;n - XXVII. En el mismo planeta - XXVIII. Hacia una ciencia del hombre</subfield>
  </datafield>
  <datafield tag="942" ind1=" " ind2=" ">
    <subfield code="c">BK</subfield>
  </datafield>
  <datafield tag="590" ind1=" " ind2=" ">
    <subfield code="a">niveau_biblio:m niveau_hierar:0</subfield>
  </datafield>
  <datafield tag="100" ind1="1" ind2=" ">
    <subfield code="a">Chase, Stuart</subfield>
  </datafield>
  <datafield tag="700" ind1="1" ind2=" ">
    <subfield code="a">Mateo, Andr&#xE9;s Ma.</subfield>
  </datafield>
  <datafield tag="999" ind1=" " ind2=" ">
    <subfield code="c">5825</subfield>
    <subfield code="d">5825</subfield>
  </datafield>
  <datafield tag="952" ind1=" " ind2=" ">
    <subfield code="0">0</subfield>
    <subfield code="1">0</subfield>
    <subfield code="4">0</subfield>
    <subfield code="7">0</subfield>
    <subfield code="a">BCEJYS</subfield>
    <subfield code="b">BCEJYS</subfield>
    <subfield code="c">16</subfield>
    <subfield code="d">2026-04-07</subfield>
    <subfield code="l">0</subfield>
    <subfield code="o">316.42 C487</subfield>
    <subfield code="p">L21146</subfield>
    <subfield code="r">2026-04-07 15:58:24</subfield>
    <subfield code="w">2026-04-07</subfield>
    <subfield code="y">L</subfield>
  </datafield>
</record>
